000
00327nam a2200133Ia 4500
008
191201s2012 xx 000 0 und d
100
_a
GARLIA MOLINA, Hector
245
0
_a
Database system Implementation
250
_a
8th IMP
260
_a
N. Delhi
_b
Pearson
_c
2012
300
_a
653
650
_a
M.Tech(CSE)
942
_2
ddc
_c
BK
999
_c
5507
_d
5507